00573cam a2200205 a 450000100100000000500170001000800410002702000150006804000230008308200240010610000320013024500450016225000120020726000330021930000210025249000220027365000220029565000260031783000240034300000901120200929161449.0770305s1994 sp 000 f spa d a8423311309 aDO-SdBNPcViUdDLC a863.64bD353c, 19941 aDelibes, Miguel,d1920-201010aCinco horas con Mario /cMiguel Delibes. a17a ed. aBarcelona :bDestino,c1994. a296 p. ;c18 cm.1 aDestinolibrov144 4aNovela española 4aLiteratura española 0aDestinolibro ;v144